000 00212 a2200097 4500
001 29889
100 _aCrow Roberson
245 _aEngineering fluid mechanics
260 _a
_bHoughton
_c
090 _c19884
_d19884
942 _aNUST-CAE
_cM
_c10984
999 _c264962
_d264962